Optimalizačné algoritmy v teórii rozvrhovania diplomová práca

Uložené v:
Podrobná bibliografia
Hlavný autor: Eliáš, František
Korporativný autor: Fakulta hospodárskej informatiky EU. Katedra operačného výskumu a ekonometrie
Ďalší autori: Gežík, Pavel, 1983-
Médium: Kniha
Jazyk:Slovak
Vydavateľské údaje: Bratislava 2018
Tagy: Pridať tag
Žiadne tagy, Buďte prvý, kto otaguje tento záznam!

MARC

LEADER 00000nbm a2200000 4500
001 0245238
005 20180917084127.1
041 0 |a slo 
044 |a SK 
245 1 0 |a Optimalizačné algoritmy v teórii rozvrhovania  |b diplomová práca  |c František Eliáš ; školiteľ: Pavel Gežík 
264 1 |a Bratislava  |c 2018 
300 |a 68 s. 
100 1 |a Eliáš, František 
700 1 |a Gežík, Pavel, 1983- 
710 2 |a Fakulta hospodárskej informatiky EU. Katedra operačného výskumu a ekonometrie